Animal Crossing - les Villageois Crocodiles [avec image] - Statistiques

Statistiques générales
  • Ce quiz a été pris 10 fois
  • Le résultat moyen est 5 sur 9
Statistiques - réponses
Par images Réponse % Correct
Croko
78%
Drago
78%
Odile
78%
Hector
67%
Roswell
67%
Allie
56%
Chuck
44%
Alphonse
33%
Lisette
22%
Aucun quiz correspondant
Distribution des résultats
% des personnes avec chaque résultat
Percentile par nombre de réponses
Votre historique - résultats
Vous n’avez pas pris ce quiz